[Event "FIDE Online Olympiad"]
[Site "Chess.com"]
[Date "2020.07.31"]
[EventDate "2020.07.31"]
[Round "2"]
[Result "0-1"]
[White "Han Thiha Sai"]
[Black "Ting-Hao Wang"]
[WhiteElo "1768"]
[BlackElo "1788"]
[PlyCount "78"]

1. d4 Nf6 2. Bf4 e6 3. Nf3 b6 4. e3 Bb7 5. c3 d5 6. Nbd2 Nbd7
7. Bd3 Be7 8. Ne5 Nxe5 9. dxe5 Nd7 10. Nf3 c5 11. Qe2 c4
12. Bc2 Nc5 13. Nd4 Rc8 14. O-O h5 15. e4 Nxe4 16. Bxe4 dxe4
17. Rfd1 Bd5 18. Nb5 a6 19. Nd6+ Bxd6 20. exd6 g5 21. Be3 f6
22. b3 b5 23. bxc4 Rxc4 24. a4 Kf7 25. axb5 axb5 26. Ra7+ Kg6
27. Rb1 Qxd6 28. Rxb5 Rb8 29. Qb2 Bc6 30. Bd4 Rxb5 31. Qc2
Qxd4 32. h4 Rxc3 33. Qe2 Qe5 34. g3 Rc1+ 35. Kh2 Rb2 36. Qe3
Rcc2 37. hxg5 Rxf2+ 38. Kh1 Rb1+ 39. Qe1 Rxe1# 0-1

[Event "FIDE Online Olympiad"]
[Site "Chess.com"]
[Date "2020.07.31"]
[EventDate "2020.07.31"]
[Round "2"]
[Result "0-1"]
[White "Aliuddin Azahari"]
[Black "Thanadon Kulpruethanon"]
[WhiteElo "2059"]
[BlackElo "2190"]
[PlyCount "52"]

1. e4 c5 2. Nf3 Nc6 3. Bb5 g6 4. Bxc6 dxc6 5. O-O Bg7 6. d3
Nf6 7. Nbd2 Nd7 8. a4 a5 9. Nc4 Qc7 10. Rb1 O-O 11. Bg5 Re8
12. c3 h6 13. Bh4 e5 14. Bg3 b5 15. axb5 cxb5 16. Ne3 Bb7
17. Qc2 Qc6 18. Nd5 f5 19. h3 c4 20. dxc4 bxc4 21. Rbd1 fxe4
22. Qxe4 Nb6 23. Nxe5 Nxd5 24. Nxc6 Rxe4 25. Rxd5 Bxc6 26. Rd6
Be8 0-1

[Event "FIDE Online Olympiad"]
[Site "Chess.com"]
[Date "2020.07.31"]
[EventDate "2020.07.31"]
[Round "2"]
[Result "0-1"]
[White "Azahari Siti Nur Fatimah Hj"]
[Black "Manunthon Atikankhotchasee"]
[WhiteElo "1927"]
[BlackElo "1549"]
[PlyCount "128"]

1. e4 c5 2. Nf3 g6 3. d4 cxd4 4. Nxd4 Bg7 5. Nc3 Nc6 6. Be3
Nf6 7. Bc4 O-O 8. Bb3 d6 9. f3 Qb6 10. Nf5 Qa5 11. Nxg7 Kxg7
12. Qd2 Qh5 13. Nd5 Re8 14. Nc7 Rb8 15. Nxe8+ Nxe8 16. O-O Nf6
17. Rfe1 Be6 18. Bxe6 fxe6 19. e5 Nxe5 20. Bxa7 Rc8 21. Bd4
Nc4 22. Qb4 e5 23. Qxb7 Re8 24. Qc7 Nd2 25. Be3 Nxf3+ 26. gxf3
Qxf3 27. Qc4 Ng4 28. Qf1 Qc6 29. Qg2 Qc8 30. Rad1 h5 31. h3
Nf6 32. Rf1 Qa6 33. Qg5 Qxa2 34. Qh6+ Kf7 35. Qh7+ Ke6
36. Qxg6 Rg8 37. Rxf6+ Kd7 38. Rdxd6+ exd6 39. Rxd6+ Kc7
40. Bb6+ Kb7 41. Rd7+ Kb8 42. Qxg8+ Qxg8+ 43. Kh2 Qg5 44. Ba7+
Kc8 45. Rd3 h4 46. Bf2 Qf4+ 47. Kg2 e4 48. Re3 Qg5+ 49. Kf1
Qe5 50. Rc3+ Kd7 51. Re3 Qb5+ 52. Ke1 Qxb2 53. Kd2 Qb4+
54. Kc1 Qc4 55. Bxh4 Qf1+ 56. Kb2 Qf4 57. Ra3 Qxh4 58. c4 Qh8+
59. Kc2 Kc6 60. Ra6+ Kc5 61. Kb3 Qxh3+ 62. Ka4 Qc3 63. Rb6
Qxc4+ 64. Ka5 Qa2# 0-1

[Event "FIDE Online Olympiad"]
[Site "Chess.com"]
[Date "2020.07.31"]
[EventDate "2020.07.31"]
[Round "2"]
[Result "0-1"]
[White "Abdul Zahirul Zazali"]
[Black "Prin Laohawirapap"]
[WhiteElo "1695"]
[BlackElo "1834"]
[PlyCount "50"]

1. e4 c5 2. Nf3 Nc6 3. Nc3 g6 4. Bc4 Bg7 5. O-O a6 6. a4 e6
7. Re1 Nge7 8. Ne2 d5 9. exd5 exd5 10. Ba2 O-O 11. c3 Bg4
12. Ng3 Ne5 13. d4 cxd4 14. cxd4 Nxf3+ 15. gxf3 Be6 16. Be3
Nc6 17. Qd2 Qf6 18. Rad1 Qxf3 19. Qe2 Qf6 20. Qc2 Bg4 21. Rd2
Nb4 22. Qb3 Nxa2 23. Qxa2 Qf3 24. Ne2 Bf5 25. Ng3 Bh3 0-1

[Event "FIDE Online Olympiad"]
[Site "Chess.com"]
[Date "2020.07.31"]
[EventDate "2020.07.31"]
[Round "2"]
[Result "0-1"]
[White "Geoffrey Mwanyika"]
[Black "Joseph Muragu Methu"]
[WhiteElo "1716"]
[BlackElo "1972"]
[PlyCount "136"]

1. e4 c5 2. f3 e6 3. d4 cxd4 4. Qxd4 Nc6 5. Qc4 Nf6 6. Bg5
Qa5+ 7. Bd2 Bb4 8. a3 Bxd2+ 9. Nxd2 d5 10. exd5 Qxd5 11. O-O-O
O-O 12. Qh4 Qh5 13. Qxh5 Nxh5 14. Ne4 Rd8 15. Nd6 Kf8 16. Bb5
Ke7 17. Nxc8+ Raxc8 18. Ne2 Ne5 19. f4 Ng4 20. Rxd8 Rxd8
21. h3 Ne3 22. g4 Nf6 23. Bd3 h6 24. Ng3 Kf8 25. Re1 Ng2
26. Rf1 Ne3 27. Rf3 Ned5 28. g5 hxg5 29. fxg5 Nd7 30. Be4 Ne5
31. Rb3 b6 32. h4 Ke7 33. h5 Nf4 34. Bf3 Rh8 35. Re3 Nxf3
36. Rxf3 Nxh5 37. Ne4 f5 38. gxf6+ Nxf6 39. Nf2 g5 40. Rg3 Rg8
41. Ng4 Nxg4 42. Rxg4 Kf6 43. Kd2 Rh8 44. Ra4 Rh7 45. Ke3 Kf5
46. Rd4 e5 47. Rd5 Rh3+ 48. Ke2 Rh2+ 49. Kd3 g4 50. c4 Rxb2
51. Kc3 Ra2 52. Kb3 Rf2 53. Rd7 g3 54. Rxa7 g2 55. Rf7+ Ke4
56. Rg7 Kf3 57. Rf7+ Ke2 58. Rg7 Kf1 59. a4 g1=Q 60. Rxg1+
Kxg1 61. Kb4 Rb2+ 62. Kc3 Rb1 63. Kc2 Rb4 64. Kc3 Rxa4 65. Kb3
Ra5 66. Kb4 e4 67. Kc3 Kf2 68. Kd4 e3 0-1

[Event "FIDE Online Olympiad"]
[Site "Chess.com"]
[Date "2020.07.31"]
[EventDate "2020.07.31"]
[Round "2"]
[Result "0-1"]
[White "Mehul Gohil"]
[Black "Albert Njau"]
[WhiteElo "2033"]
[BlackElo "1702"]
[PlyCount "66"]

1. d4 Nf6 2. Bg5 d5 3. Bxf6 exf6 4. e3 Be6 5. g3 Nd7 6. Bg2 c5
7. dxc5 Qa5+ 8. Nc3 Nxc5 9. Nge2 Ne4 10. O-O O-O-O 11. a3 Be7
12. b4 Nxc3 13. Nxc3 Qa6 14. Nxd5 Bd6 15. c4 Kb8 16. Qb3 Be5
17. Rac1 Rhe8 18. b5 Qa5 19. a4 Rc8 20. c5 f5 21. Rfd1 g5
22. f4 Bf6 23. Qb1 Bxd5 24. Bxd5 Rxe3 25. Qxf5 Bb2 26. Rc2
Re1+ 27. Rxe1 Qxe1+ 28. Kg2 Qb1 29. c6 g4 30. Qxf7 Qxc2+
31. Kg1 Bd4+ 32. Kh1 Qd1+ 33. Kg2 Qg1# 0-1

[Event "FIDE Online Olympiad"]
[Site "Chess.com"]
[Date "2020.07.31"]
[EventDate "2020.07.31"]
[Round "2"]
[Result "0-1"]
[White "Sindira Joshi"]
[Black "Rania Alsalti"]
[WhiteElo "1496"]
[BlackElo "1287"]
[PlyCount "78"]

1. d4 d5 2. Nc3 Nf6 3. Bf4 Bf5 4. e3 e6 5. Bd3 Bb4 6. Nf3 Ne4
7. Qe2 Nxc3 8. Qd2 Nxa2 9. c3 Nxc3 10. bxc3 Bd6 11. O-O Bxf4
12. exf4 O-O 13. Rab1 b6 14. Bxf5 exf5 15. Rfe1 Re8 16. Qd3 g6
17. Re3 Rxe3 18. Qxe3 Nd7 19. Ne5 Nf6 20. h3 a5 21. Nc6 Qe8
22. Ne7+ Kg7 23. Qe5 Ra7 24. Re1 a4 25. Qe3 Ne4 26. Nc6 Qxc6
27. Rc1 a3 28. f3 Nf6 29. Ra1 a2 30. Qd2 Qc4 31. Qe3 Qb3
32. Qd3 Qb2 33. Qd1 Qxc3 34. Qe2 Qxa1+ 35. Qf1 Qxf1+ 36. Kxf1
a1=Q+ 37. Kf2 Qxd4+ 38. Kg3 Nh5+ 39. Kh2 Qxf4+ 0-1

[Event "FIDE Online Olympiad"]
[Site "Chess.com"]
[Date "2020.07.31"]
[EventDate "2020.07.31"]
[Round "2"]
[Result "0-1"]
[White "Hamad Mosa"]
[Black "Niken Kusatha"]
[WhiteElo "1271"]
[BlackElo "1732"]
[PlyCount "72"]

1. e4 e5 2. Nf3 Nf6 3. Nc3 Bb4 4. Nd5 Nxd5 5. exd5 O-O 6. Be2
d6 7. O-O f5 8. c3 Ba5 9. b4 Bb6 10. a4 a6 11. a5 Ba7 12. d4
e4 13. Ng5 h6 14. Ne6 Bxe6 15. dxe6 d5 16. c4 c6 17. Bh5 dxc4
18. Bf7+ Rxf7 19. exf7+ Kxf7 20. Qh5+ Ke6 21. g4 Qf6 22. gxf5+
Qxf5 23. Qe8+ Kd5 24. Qg8+ Qe6 25. Qxg7 Nd7 26. Qxh6 Rg8+
27. Kh1 Qg4 28. Bg5 Rxg5 29. Qxg5+ Qxg5 30. Rg1 Qf4 31. Rg2
Bxd4 32. Rag1 c3 33. Rg5+ Ne5 34. Rg8 c2 35. Rd8+ Kc4
36. Rxd4+ Kxd4 0-1

[Event "FIDE Online Olympiad"]
[Site "Chess.com"]
[Date "2020.07.31"]
[EventDate "2020.07.31"]
[Round "3"]
[Result "0-1"]
[White "Manish Hamal"]
[Black "Shuaau Muhammed"]
[WhiteElo "2110"]
[BlackElo "1733"]
[PlyCount "108"]

1. d4 d5 2. Nf3 Nf6 3. g3 e6 4. Bg2 b5 5. O-O Be7 6. a4 b4
7. c4 bxc3 8. bxc3 O-O 9. c4 dxc4 10. Ne5 Nd5 11. Nxc4 Nd7
12. Na5 Nb8 13. e4 Nb6 14. Be3 Ba6 15. Re1 Bb4 16. e5 Bxa5
17. Bxa8 Bxe1 18. Qxe1 c6 19. Qc1 Qc8 20. Nd2 Rd8 21. Ne4 Nc4
22. Nc5 Nd7 23. Bg5 Nxc5 24. Bxd8 Nb3 25. Qc3 Nxa1 26. Bg5
Qxa8 27. Qxa1 h6 28. Bf4 Qb7 29. Bc1 Qb3 30. h4 Nb6 31. a5 Nd5
32. Bd2 Be2 33. Qc1 Bf3 34. Kh2 Be4 35. Qf1 Qf3 36. a6 Nc7
37. Be3 Nxa6 38. d5 cxd5 39. Bxa7 Nb4 40. Bc5 Nc2 41. Kh3 h5
42. Kh2 d4 43. Bb6 d3 44. Ba5 Qe2 45. Kg1 Nd4 46. Qxe2 dxe2
47. f4 e1=Q+ 48. Bxe1 Nf3+ 49. Kf2 Nxe1 50. Kxe1 Kh7 51. Ke2
Kg6 52. Ke3 Kf5 53. Ke2 Kg4 54. Kf2 Bd5 0-1

[Event "FIDE Online Olympiad"]
[Site "Chess.com"]
[Date "2020.07.31"]
[EventDate "2020.07.31"]
[Round "3"]
[Result "0-1"]
[White "Mohamed Hassan"]
[Black "Rupesh Jaiswal"]
[WhiteElo "1842"]
[BlackElo "2020"]
[PlyCount "134"]

1. e4 e6 2. d4 d5 3. Nc3 Bb4 4. e5 Ne7 5. a3 Bxc3+ 6. bxc3 c5
7. Bd3 Nbc6 8. Nf3 Qa5 9. Bd2 c4 10. Be2 Bd7 11. O-O O-O-O
12. Qb1 f6 13. exf6 gxf6 14. a4 Nf5 15. Qb5 Nd6 16. Qxa5 Nxa5
17. Bh6 Rhg8 18. Nd2 Nc6 19. Bf3 Nf5 20. Bf4 Nh4 21. Bg3 Nxf3+
22. Nxf3 Be8 23. Rfe1 Kd7 24. a5 Bh5 25. Nd2 Bg6 26. Ra2 Rde8
27. f4 a6 28. Kf2 Na7 29. Rb2 Nb5 30. Nb1 Be4 31. Na3 Nxa3
32. Rxb7+ Kc8 33. Rb6 f5 34. Rxa6 h5 35. Ra1 Nb5 36. Rb1 Nc7
37. Ra7 Re7 38. Rbb7 h4 39. Rxc7+ Rxc7 40. Ra8+ Kd7 41. Rxg8
hxg3+ 42. Rxg3 Kd6 43. h4 Ra7 44. h5 Rh7 45. Rh3 Kc6 46. Rh2
Bxc2 47. h6 Kb5 48. Ke3 Kxa5 49. Kd2 Be4 50. g3 Kb6 51. Kc1
Kc6 52. Kb2 Kd6 53. Ka3 Ke7 54. Kb4 Kf6 55. Kc5 Kg6 56. Kd6
Rxh6 57. Ra2 Rh3 58. Kxe6 Rxg3 59. Ke5 Rxc3 60. Ra6+ Kh5
61. Kf6 Kg4 62. Ke5 Rd3 63. Rg6+ Kf3 64. Rc6 Ke3 65. Rh6 Kd2
66. Ra6 c3 67. Rc6 c2 0-1

[Event "FIDE Online Olympiad"]
[Site "Chess.com"]
[Date "2020.07.31"]
[EventDate "2020.07.31"]
[Round "3"]
[Result "0-1"]
[White "Joseph Muragu Methu"]
[Black "Ayyad Husain Abdulgalil Saleh"]
[WhiteElo "1972"]
[BlackElo "2249"]
[PlyCount "114"]

1. d4 Nf6 2. c4 e6 3. Nc3 d5 4. cxd5 exd5 5. Bg5 Be7 6. e3 O-O
7. Bd3 Nbd7 8. Nge2 Re8 9. O-O c6 10. f3 c5 11. Bh4 a6 12. a4
Nf8 13. Bf2 Bd6 14. dxc5 Bxc5 15. Nd4 Ng6 16. Bxg6 hxg6
17. Qd2 g5 18. h3 Ba7 19. Bg3 Bd7 20. Rfe1 Rc8 21. Rad1 Qa5
22. Bf2 Qb4 23. Ra1 Bb8 24. Nde2 Rcd8 25. Red1 Bc6 26. Ne4 Qe7
27. Nxf6+ Qxf6 28. b3 Bd7 29. Rac1 Bf5 30. Bg3 Ba7 31. Nd4 Bc8
32. Re1 Re7 33. Bf2 Rde8 34. Red1 Bb8 35. Ne2 Bxh3 36. gxh3
Qxf3 37. Nd4 Qxh3 38. Qe2 Bh2+ 39. Kh1 Bf4+ 40. Kg1 Qh2+
41. Kf1 Qh1+ 42. Bg1 Bxe3 43. Qg2 Qh5 44. Nf5 Re4 45. Nxe3
Rf4+ 46. Bf2 Rxe3 47. Re1 Ref3 48. Re2 g4 49. Ke1 Qf5 50. Be3
Re4 51. Rcc2 Rfxe3 52. Qh2 Rxe2+ 53. Rxe2 Rxe2+ 54. Kxe2 Qf3+
55. Kd2 g3 56. Qh3 Qf2+ 57. Kc3 g6 0-1

[Event "FIDE Online Olympiad"]
[Site "Chess.com"]
[Date "2020.07.31"]
[EventDate "2020.07.31"]
[Round "3"]
[Result "0-1"]
[White "Ali Al-Ghasra"]
[Black "Mehul Gohil"]
[WhiteElo "2003"]
[BlackElo "2033"]
[PlyCount "86"]

1. d4 d5 2. c4 e6 3. Nc3 Nf6 4. Nf3 Be7 5. e3 O-O 6. Bd3 c5
7. O-O a6 8. a4 Nc6 9. cxd5 exd5 10. Ne5 Bd6 11. f4 cxd4
12. exd4 Nxd4 13. Bxh7+ Kxh7 14. Qxd4 Bf5 15. Be3 Rc8 16. Qd2
Ne4 17. Nxe4 Bxe4 18. Rac1 Qe7 19. Bd4 f6 20. Nd3 Rc4 21. Rxc4
dxc4 22. Nf2 Rd8 23. Qe3 Bc2 24. Qc3 Bxa4 25. Qxc4 Bb5
26. Qc2+ Kh8 27. Bb6 Re8 28. Nd3 Qe4 29. Rf3 g6 30. Qc3 Kg7
31. h3 Bc6 32. Nc5 Qe2 33. Rf2 Qb5 34. Qd4 Re1+ 35. Kh2 Bf8
36. Nd3 Re4 37. Qd8 Be7 38. Qc7 Qxd3 39. Rf3 Qd6 40. Qc8 Rxf4
41. Bc7 Rxf3+ 42. Bxd6 Bxd6+ 43. Kg1 Rg3 0-1

[Event "FIDE Online Olympiad"]
[Site "Chess.com"]
[Date "2020.07.31"]
[EventDate "2020.07.31"]
[Round "3"]
[Result "0-1"]
[White "Halima Hammadi"]
[Black "Krishi Shah"]
[WhiteElo "1181"]
[BlackElo "1600"]
[PlyCount "88"]

1. Nf3 d5 2. d4 Nf6 3. Nc3 e6 4. Bg5 h6 5. Bxf6 Qxf6 6. e4 Bb4
7. exd5 Bxc3+ 8. bxc3 exd5 9. Bd3 O-O 10. O-O Bg4 11. Be2 Nd7
12. h3 Bh5 13. Nh4 Bxe2 14. Qxe2 Qxh4 15. g3 Qxh3 16. f4 Qxg3+
17. Qg2 Qxg2+ 18. Kxg2 Nf6 19. f5 Rfe8 20. Rae1 Ne4 21. c4 c6
22. cxd5 cxd5 23. Re3 Nd2 24. Rfe1 Kf8 25. Rxe8+ Rxe8
26. Rxe8+ Kxe8 27. Kf2 h5 28. Ke3 Nc4+ 29. Kd3 h4 30. Ke2 g6
31. Kf2 g5 32. Kg2 Ne3+ 33. Kh3 Nxc2 34. a4 Nxd4 35. f6 Nb3
36. Kg4 d4 37. Kxg5 h3 38. Kh4 h2 39. Kh3 h1=Q+ 40. Kg4 Qe4+
41. Kg5 d3 42. Kh6 Qg2 43. Kh7 Kf8 44. Kh8 Qg8# 0-1

[Event "FIDE Online Olympiad"]
[Site "Chess.com"]
[Date "2020.07.31"]
[EventDate "2020.07.31"]
[Round "3"]
[Result "0-1"]
[White "Albert Njau"]
[Black "Tupfah Khumnorkaew"]
[WhiteElo "1702"]
[BlackElo "1888"]
[PlyCount "62"]

1. d4 Nf6 2. Nf3 g6 3. g3 Bg7 4. Bg2 O-O 5. O-O d5 6. Nbd2 Bg4
7. Ne5 Be6 8. Nb3 Nbd7 9. Bf4 c6 10. Nxd7 Nxd7 11. Re1 a5
12. c3 Re8 13. Qd3 a4 14. Nd2 Nb6 15. e4 dxe4 16. Nxe4 Bf5
17. Qe2 Nd5 18. Bg5 h6 19. Bd2 e5 20. Nc5 exd4 21. Qxe8+ Qxe8
22. Rxe8+ Rxe8 23. Bxd5 cxd5 24. Nxb7 Re2 25. Bf4 a3 26. bxa3
dxc3 27. Nd6 c2 28. Nxf5 Bxa1 29. Kf1 Re4 30. Nxh6+ Kg7
31. Bc1 Bc3 0-1

[Event "FIDE Online Olympiad"]
[Site "Chess.com"]
[Date "2020.07.31"]
[EventDate "2020.07.31"]
[Round "3"]
[Result "0-1"]
[White "Shawal Sharikhan"]
[Black "Yeh Yang Liu"]
[WhiteElo "1793"]
[BlackElo "2004"]
[PlyCount "120"]

1. e4 c5 2. Nc3 Nc6 3. f4 g6 4. Nf3 Bg7 5. a3 d6 6. Bc4 e6
7. O-O Nge7 8. d3 O-O 9. Bd2 Nd4 10. Rb1 Nec6 11. Nxd4 Nxd4
12. Ne2 b5 13. Ba2 a5 14. c3 Nxe2+ 15. Qxe2 b4 16. axb4 axb4
17. Bb3 Qb6 18. Kh1 Ba6 19. Qf3 bxc3 20. bxc3 Qc6 21. f5 c4
22. Bxc4 Bxc4 23. dxc4 exf5 24. exf5 Qxf3 25. Rxf3 Rfc8
26. fxg6 hxg6 27. Rbf1 f5 28. Rd3 Be5 29. g4 fxg4 30. Bf4 Rxc4
31. Bxe5 dxe5 32. Re1 e4 33. Rde3 Re8 34. Kg2 Kg7 35. Kg3 g5
36. Kxg4 Kg6 37. Kg3 Kf5 38. Rf1+ Kg6 39. Kg4 Rh8 40. h3 Rh4+
41. Kg3 Ra4 42. Rc1 Kf5 43. c4 Ra6 44. c5 Rc6 45. Rc4 Rf4
46. Rcc3 Ke5 47. Rc2 Kd4 48. Re1 Kd3 49. Rcc1 e3 50. Red1+ Ke4
51. Rc4+ Ke5 52. Rxf4 gxf4+ 53. Kf3 Rxc5 54. Re1 Rc2 55. Ra1
Rf2+ 56. Kg4 e2 57. Ra5+ Kd4 58. Ra4+ Kd3 59. Ra3+ Kc2
60. Ra2+ Kb1 0-1

[Event "FIDE Online Olympiad"]
[Site "Chess.com"]
[Date "2020.07.31"]
[EventDate "2020.07.31"]
[Round "3"]
[Result "0-1"]
[White "Ching-An Shih"]
[Black "Azahari Siti Nur Fatimah Hj"]
[WhiteElo "1680"]
[BlackElo "1927"]
[PlyCount "90"]

1. Nf3 d5 2. d4 Nf6 3. e3 g6 4. c4 Bg7 5. Nc3 O-O 6. Qc2 c6
7. Bd3 dxc4 8. Bxc4 Nbd7 9. O-O Nb6 10. Bd3 Be6 11. b3 Qd6
12. h3 Nbd5 13. Nxd5 Nxd5 14. Bb2 Nb4 15. Qd2 Nxd3 16. Qxd3
Rac8 17. Rfd1 Bf5 18. e4 Bd7 19. Rac1 Rfd8 20. Qe2 Qf4 21. Ba3
Re8 22. Qe3 Qxe3 23. fxe3 Bh6 24. Kf2 f5 25. exf5 Bxf5 26. Rc5
Bg7 27. Re1 Be4 28. Ng5 Bd5 29. Rd1 Rf8+ 30. Nf3 Rf5 31. Rf1
e5 32. Ke2 exd4 33. Nxd4 Bxd4 34. exd4 Re8+ 35. Kd3 Rxf1
36. Rc3 Bxg2 37. Kc4 Bd5+ 38. Kb4 Re2 39. Bc1 Rxa2 40. Bh6 Rb2
41. Re3 Rfb1 42. Re8+ Kf7 43. Rf8+ Ke7 44. Rh8 Rxb3+ 45. Kc5
Rc3# 0-1

[Event "FIDE Online Olympiad"]
[Site "Chess.com"]
[Date "2020.07.31"]
[EventDate "2020.07.31"]
[Round "3"]
[Result "0-1"]
[White "Yu Dong Michael Deng"]
[Black "Wynn Zaw Htun"]
[WhiteElo "1749"]
[BlackElo "2477"]
[PlyCount "58"]

1. d4 Nf6 2. c4 e6 3. Nf3 Bb4+ 4. Bd2 Qe7 5. g3 Nc6 6. Bg2
Bxd2+ 7. Nbxd2 O-O 8. O-O d6 9. e4 e5 10. d5 Nb8 11. b4 a5
12. a3 Na6 13. Qb3 c6 14. Ne1 Bg4 15. Nc2 Rfc8 16. Ne3 Bd7
17. Rfc1 g6 18. Rc2 axb4 19. axb4 c5 20. Rca2 cxb4 21. Nc2 Qd8
22. Nxb4 Nc5 23. Qc3 Rxa2 24. Rxa2 Ra8 25. Qa1 Rxa2 26. Qxa2
Qb6 27. Qa3 Ng4 28. h3 Nxf2 29. Kxf2 Nxe4+ 0-1

[Event "FIDE Online Olympiad"]
[Site "Chess.com"]
[Date "2020.07.31"]
[EventDate "2020.07.31"]
[Round "3"]
[Result "0-1"]
[White "Htet Win Htet"]
[Black "Ze Jun Lin"]
[WhiteElo "1575"]
[BlackElo "1677"]
[PlyCount "36"]

1. d4 Nf6 2. c4 g6 3. Nc3 d5 4. cxd5 Nxd5 5. e4 Nxc3 6. bxc3
Bg7 7. Nf3 c5 8. Bc4 O-O 9. O-O cxd4 10. cxd4 Nc6 11. e5 Bg4
12. Be3 Bxf3 13. gxf3 Qd7 14. Kh1 Rad8 15. Qd2 Nxd4 16. Rad1
Bxe5 17. Bh6 Qh3 18. Qe3 Qxh2# 0-1

[Event "FIDE Online Olympiad"]
[Site "Chess.com"]
[Date "2020.07.31"]
[EventDate "2020.07.31"]
[Round "3"]
[Result "0-1"]
[White "Wing Ki Kwong"]
[Black "Han Thiha Sai"]
[WhiteElo "1679"]
[BlackElo "1768"]
[PlyCount "68"]

1. e4 c5 2. Nf3 d6 3. d4 cxd4 4. Nxd4 Nf6 5. Nc3 g6 6. Be3 Bg7
7. f3 O-O 8. Qd2 Nc6 9. O-O-O d5 10. Nxc6 bxc6 11. exd5 cxd5
12. Nxd5 Nxd5 13. Qxd5 Qc7 14. Qc5 Qb7 15. Qa3 Bf5 16. Bd3
Rab8 17. c3 Bxc3 18. Qxc3 Rfc8 19. Qxc8+ Qxc8+ 20. Kb1 Qc3
21. Rd2 Bxd3+ 22. Ka1 Qe5 23. Bf2 Qf5 24. Rhd1 Bc4 25. Bd4 Qa5
26. a3 f6 27. Bc3 Qb6 28. Rd7 Qb3 29. Kb1 Kf7 30. Kc1 a5
31. Rc7 Be6 32. Rc5 Qa2 33. g4 Qa1+ 34. Kd2 Rd8+ 0-1

[Event "FIDE Online Olympiad"]
[Site "Chess.com"]
[Date "2020.07.31"]
[EventDate "2020.07.31"]
[Round "3"]
[Result "0-1"]
[White "Thu Aung Moe"]
[Black "Eunice Feng"]
[WhiteElo "1164"]
[BlackElo "1306"]
[PlyCount "114"]

1. e4 c5 2. Nf3 d6 3. c3 Nf6 4. d3 e6 5. Bg5 Be7 6. Nbd2 Nc6
7. d4 cxd4 8. cxd4 d5 9. e5 Ne4 10. Bxe7 Qxe7 11. Bb5 Nxd2
12. Qxd2 Bd7 13. O-O O-O 14. Rac1 Nxe5 15. Nxe5 Bxb5 16. Rfe1
Rac8 17. Qa5 a6 18. a4 Rxc1 19. Rxc1 Be2 20. Rc7 Qg5 21. h3 f6
22. Qe1 fxe5 23. Qxe2 exd4 24. Qxe6+ Kh8 25. Rd7 Qc1+ 26. Kh2
Qf4+ 27. Kh1 Qxf2 28. Qxd5 Qxb2 29. Qf7 Rg8 30. Rxb7 Qa1+
31. Kh2 Qxa4 32. Qd5 h6 33. Rc7 Qb5 34. Rc5 Qb8+ 35. Kh1 Re8
36. Rc1 Qf4 37. Qc4 a5 38. Rf1 Qe3 39. Qa4 d3 40. Qxa5 d2
41. Kh2 Qe1 42. Rxe1 dxe1=Q 43. Qf5 Qe5+ 44. Qxe5 Rxe5 45. h4
Kg8 46. Kh3 Kf7 47. g3 Kf6 48. Kg4 h5+ 49. Kh3 Kf5 50. g4+
hxg4+ 51. Kg3 Re3+ 52. Kg2 Kf4 53. h5 Re2+ 54. Kf1 Kf3 55. Kg1
Re1+ 56. Kh2 g3+ 57. Kh3 Rh1# 0-1

[Event "FIDE Online Olympiad"]
[Site "Chess.com"]
[Date "2020.07.31"]
[EventDate "2020.07.31"]
[Round "1"]
[Result "0-1"]
[White "Ahmad Tasneem"]
[Black "Jamie Farrugia"]
[WhiteElo "1417"]
[BlackElo "1623"]
[PlyCount "106"]

1. e4 e5 2. Nf3 Nc6 3. a3 Nf6 4. Nc3 Bc5 5. Bc4 d6 6. h3 Be6
7. Nd5 Nxe4 8. O-O Qd7 9. d3 Ng3 10. Re1 h6 11. Kh2 Bxf2
12. Rf1 Nxf1+ 13. Qxf1 Bc5 14. b4 Bd4 15. c3 Bxd5 16. cxd4
Bxc4 17. dxc4 Nxd4 18. Bb2 Nxf3+ 19. Qxf3 O-O-O 20. Rd1 Qe6
21. Rc1 Rhf8 22. a4 g6 23. b5 d5 24. c5 e4 25. Qe3 h5 26. a5
Qf5 27. b6 a6 28. c6 bxc6 29. bxc7 Rd7 30. Qa7 Qf4+ 31. Kh1
Qxc7 32. Qa8+ Qb8 33. Rxc6+ Rc7 34. Qxa6+ Qb7 35. Rxc7+ Kxc7
36. Be5+ Kc8 37. Qd6 Rd8 38. Qc5+ Kd7 39. Qd6+ Ke8 40. Qf6 Qe7
41. Qh8+ Kd7 42. Bf6 Rxh8 43. Bxe7 Kxe7 44. g3 Ra8 45. Kg2
Rxa5 46. Kf2 Ra3 47. h4 d4 48. Kg2 Rf3 49. Kg1 d3 50. Kg2 d2
51. Kg1 d1=Q+ 52. Kg2 Qf1+ 53. Kh2 Rf2# 0-1

[Event "FIDE Online Olympiad"]
[Site "Chess.com"]
[Date "2020.07.31"]
[EventDate "2020.07.31"]
[Round "2"]
[Result "0-1"]
[White "Mohamad Firdaus Erfan"]
[Black "Aram Chekh Adm Khedr"]
[WhiteElo "1241"]
[BlackElo "2146"]
[PlyCount "150"]

1. e4 c5 2. Nf3 e6 3. c3 d5 4. exd5 Qxd5 5. d4 Nf6 6. h3 Nc6
7. Be3 cxd4 8. Nxd4 Nxd4 9. Qxd4 Be7 10. Bc4 Qxd4 11. Bxd4 O-O
12. O-O Bd7 13. Nd2 Bc6 14. Nb3 b5 15. Bd3 a5 16. Rfe1 Nd7
17. Nd2 Rfd8 18. Rad1 Bc5 19. Nb3 Be7 20. Nd2 e5 21. Be3 Nf6
22. Be2 b4 23. Nc4 bxc3 24. bxc3 Rxd1 25. Rxd1 Bb5 26. Nb6
Bxe2 27. Rd2 Rd8 28. Rxe2 Ne4 29. c4 f5 30. Nd5 Bd6 31. Bb6
Rc8 32. Rc2 a4 33. f3 Nc5 34. Kf2 Kf7 35. Ke2 g6 36. Nc3 a3
37. Nb5 Ke6 38. Nxa3 Nd7 39. c5 Bxc5 40. Bxc5 Rxc5 41. Rxc5
Nxc5 42. Nb5 Kd5 43. Kd2 h5 44. h4 e4 45. fxe4+ Nxe4+ 46. Kd3
Kc5 47. Nc3 Nf6 48. Ne2 Nd5 49. a3 Kd6 50. Kd4 Nc7 51. Nf4
Nb5+ 52. Kd3 Nxa3 53. Nxg6 Nb5 54. Nf4 Ke5 55. Nxh5 Nc7
56. Ng7 Nd5 57. g3 Kf6 58. Nh5+ Kg6 59. Nf4+ Nxf4+ 60. gxf4
Kh5 61. Kd4 Kxh4 62. Kd5 Kg3 63. Ke5 Kg4 64. Kd4 Kxf4 65. Kd3
Kg3 66. Ke2 f4 67. Kf1 Kf3 68. Kg1 Ke2 69. Kg2 f3+ 70. Kg1 f2+
71. Kh1 f1=Q+ 72. Kh2 Qf4+ 73. Kh1 Qg4 74. Kh2 Kf2 75. Kh1
Qh4# 0-1

[Event "FIDE Online Olympiad"]
[Site "Chess.com"]
[Date "2020.07.31"]
[EventDate "2020.07.31"]
[Round "3"]
[Result "0-1"]
[White "Yousef Alrashidi"]
[Black "Mohamad Firdaus Erfan"]
[WhiteElo "1610"]
[BlackElo "1241"]
[PlyCount "86"]

1. Nf3 c5 2. e4 d6 3. d4 cxd4 4. Nxd4 Nf6 5. Nc3 a6 6. Bd3 e5
7. Nf3 h6 8. O-O Be7 9. Re1 O-O 10. h3 Qc7 11. Be3 b5 12. Ne2
Bb7 13. Ng3 Rd8 14. Qd2 Bf8 15. Nh4 Kh7 16. f3 g6 17. Ne2 Nbd7
18. g4 Nc5 19. g5 Nxd3 20. cxd3 Qd7 21. gxf6 Qxh3 22. Ng2 Qxf3
23. Rf1 Qg4 24. Rac1 Rd7 25. Qe1 d5 26. Ng3 dxe4 27. dxe4 Bxe4
28. Nxe4 Qxe4 29. Qf2 Rad8 30. Qf3 Qb4 31. Rf2 e4 32. Qg4 h5
33. Qf4 Rd5 34. Nh4 g5 35. Qc7 R8d7 36. Qc8 gxh4 37. Rcf1 Rd1
38. Qxd7 Rxd7 39. Rf5 Rd3 40. Rxh5+ Kg6 41. Rg5+ Kh6 42. Rg4+
Rxe3 43. Rxh4+ Kg5 0-1

[Event "FIDE Online Olympiad"]
[Site "Chess.com"]
[Date "2020.07.31"]
[EventDate "2020.07.31"]
[Round "3"]
[Result "0-1"]
[White "Danai Miltiadou"]
[Black "Milena Stagno"]
[WhiteElo "1278"]
[BlackElo "1309"]
[PlyCount "74"]

1. e4 c5 2. Nf3 Nc6 3. Bb5 g6 4. Bxc6 bxc6 5. d4 cxd4 6. Qxd4
Nf6 7. Nc3 Bg7 8. Bg5 O-O 9. e5 Ne8 10. Qh4 f6 11. Bf4 g5
12. Bxg5 fxg5 13. Nxg5 h6 14. Qc4+ e6 15. Nf3 Nc7 16. Ne2 Ba6
17. Qe4 Bxe2 18. Qxe2 Nd5 19. Qd2 Qc7 20. Qe2 Nf4 21. Qe4
Nxg2+ 22. Kf1 Nf4 23. Rg1 Qd8 24. Rg4 Nd5 25. Qg6 Qe7 26. Qxh6
Rxf3 27. Qh5 Rff8 28. Rh4 Bxe5 29. Rg4+ Bg7 30. Re1 Qf7 31. f4
Qxh5 32. Rg2 Rxf4+ 33. Kg1 Rg4 34. Rxg4 Qxg4+ 35. Kh1 Nf4
36. Rg1 Qf3+ 37. Rg2 Qxg2# 0-1

[Event "FIDE Online Olympiad"]
[Site "Chess.com"]
[Date "2020.07.31"]
[EventDate "2020.07.31"]
[Round "3"]
[Result "0-1"]
[White "Cheila Andre Sitoe"]
[Black "Ahmad Tasneem"]
[WhiteElo "1588"]
[BlackElo "1417"]
[PlyCount "58"]

1. e4 e6 2. d4 c5 3. Nf3 h6 4. Nc3 Nc6 5. Be2 d6 6. O-O Nf6
7. d5 Nb4 8. a3 Na6 9. Bxa6 bxa6 10. dxe6 Bxe6 11. Be3 Be7
12. Qe2 Qb6 13. b3 Qc6 14. e5 Ng4 15. Bf4 O-O 16. h3 dxe5
17. Nxe5 Nxe5 18. Bxe5 c4 19. b4 Rae8 20. Rad1 Bf5 21. Bd4 Qg6
22. Qf3 Bxc2 23. Rd2 Bd3 24. Re1 Bg5 25. Rxe8 Rxe8 26. Rd1 Bc2
27. Ra1 Bd2 28. Nd5 Be4 29. Qe2 Qxg2# 0-1